000 02341cam a2200313 4500500
005 20260111114726.0
041 _afre
042 _adc
100 1 0 _aBineau, Jacques
_eauthor
245 0 0 _aLe psychosociologue et ses valeurs face à la decision
260 _c2007.
500 _a93
520 _aRésuméLa question éthique vient rencontrer la pratique psychosociologique à trois niveaux : celui de la responsabilité de l’intervenant lorsqu’il déclenche par ses actes ou ses décisions des effets négatifs (échecs, souffrance…) chez les acteurs avec qui il travaille ; celui du choix des valeurs, de leur place et de leur rôle dans la conduite de l’intervention, et la façon dont elles sont articulées avec des références méthodologiques ; celui du plan théorique, où la réflexion éthique permet d’approfondir l’analyse psychosociologique, de stimuler la pensée, mais aussi de questionner le bien-fondé de la démarche, et d’amener, le cas échéant, l’intervenant à douter de lui-même.
520 _aThe ethical question meets the psychosociological practice at three levels that are : first of all, the responsibility of the intervenient when his acts or decisions provoke negative effects (like failure, sufferance…) over actors with who he works ; secondly, the choice of values, there position and role in the conducting of the intervention, and the way they are articulated with methodological references ; finally, on a more theoretical set, where ethical thoughts can help to examine thoroughly the psychosociological analysis, stimulate the mind, but also lead to questioning the legitimacy of the line of action and bring the intervenient, if such should be the case, to feel uncertain about himself.
690 _aautonomie
690 _adémocratie
690 _ahumanité
690 _aintervention psychosociologique
690 _aresponsabilité
690 _avaleur
690 _aautonomy
690 _ademocracy
690 _ahumanity
690 _apsychosociological intervention
690 _aresponsibility
690 _avalues
786 0 _nNouvelle revue de psychosociologie | 3 | 1 | 2007-04-28 | p. 109-119 | 1951-9532
856 4 1 _uhttps://shs.cairn.info/revue-nouvelle-revue-de-psychosociologie-2007-1-page-109?lang=fr&redirect-ssocas=7080
999 _c1633447
_d1633447